000 01177nam0a2200337 4500
001 RU\NLR\BIBL_A\011796797
005 20181023165458.0
010 _a978-5-4490-8431-6
021 _aRU
_bАЛ-П-18-00375и
_9АЛ-П-18-0071
035 _a(NLR Aleph) 011796797
035 _a(RuMoRGB)009691555
090 _a11851030
_c11851030
100 _a20180921d2018 m y0rusy50 ca
101 0 _arus
102 _aRU
105 _aa z 000zy
200 1 _aMirchek comics
_fby Ruslan Kalitin
210 _a[Б. м.]
_cИздательские решения
_d2018
215 _a23 с.
_cил.
_d21
225 1 _aSilver sedans
_dСеребряные седаны
_v3
_zrus
300 _aЗагл. указ. на обл. На тит. л. только авт. и загл. серии
300 _aТекст на рус. яз.
686 1 _aЩ153(2Р=Рус)8-475
686 2 _aШ6(2=Р)8-499
700 1 _aKalitin
_bR.
_gRuslan
_3RU\NLR\AUTH\770179341
942 _cBOOK
980 _aNBR
980 _aNB